[Event "Zaragoza op"]
[Site "Zaragoza"]
[Date "1996.??.??"]
[Round "5"]
[White "Ivanov, Mikhail M"]
[Black "Nikcevic, Nebojsa"]
[Result "0-1"]
[WhiteElo "2375"]
[BlackElo "2485"]

1.d4 d5 2.c4 c6 3.Nf3 Nf6 4.Qc2 dxc4 5.e4 Bg4 6.Nbd2 e6 7.Bxc4 Bb4 8.a3 Be7
9.Bd3 Nbd7 10.O-O h6 11.h3 Bxf3 12.Nxf3 O-O 13.Qe2 Re8 14.Bd2 Bf8 15.e5 Nd5
16.Qe4 g6 17.h4 Bg7 18.h5 Nf8 19.hxg6 fxg6 20.Nh4 g5 21.Ng6 Nxg6 22.Qxg6 Nf4
23.Qh7+ Kf8 24.Bb4+ Kf7 25.Bd6 Rh8 26.Qe4 Bf8 27.Bc4 Bxd6 28.exd6 Qxd6 29.g3 Nd5
30.Rae1 Rag8 31.Qf3+ Kg7 32.Qg4 Re8 33.Re5 Nf6 34.Qe2 Re7 35.Re1 Rhe8 36.Bxe6 Qxd4
37.Re3 Nh7 38.Re4 Qf6 39.Bf5 Rxe4 40.Bxe4 Qe5 41.Qh5 Re6 42.Re3 Qd6 43.Rd3 Qe7
44.Bf5 Re1+ 45.Kg2 Nf8 46.Rf3 Qd6 47.Bc2 Re7 48.Qg4 Rf7 49.Rxf7+ Kxf7 50.Qf5+ Ke7
51.Bb3 Kd8 52.Bg8 Kc7 53.b4 a6 54.Bb3 Kb6 55.Qf7 Nd7 56.Qf5 Ne5 57.Qe4 a5
58.bxa5+ Kxa5 59.a4 Nd3 60.Qe2 Nc5 61.Qe1+ Kb6 62.Qb4+ Kc7 63.Bg8 Qf8 64.Bc4 Qe7
65.Kh2 Qd6 66.Bf1 Nd7 67.Qc3 Qc5 68.Qb2 Ne5 69.Qe2 g4 70.Bg2 Kb6 71.Qb2+ Ka7
72.Qd2 h5 73.Kg1 Ka6 74.Bf1+ Kb6 75.Qb2+ Ka7 76.Bg2 Nd3 77.Qe2 Nb4 78.Kh2 Kb6
79.f3 Qd4 80.f4 Nd3 81.f5 Ne5 82.f6 h4 83.a5+ Kxa5 84.Qa2+ Kb6 85.f7 hxg3+
86.Kxg3 Qc3+  0-1

[Event "FRA-chT9697 final"]
[Site "Clichy"]
[Date "1997.05.01"]
[Round "8"]
[White "Lecuyer, Christian"]
[Black "Plu"]
[Result "1-0"]
[WhiteElo "2230"]
[BlackElo "1920"]

1.Nf3 Nf6 2.c4 c6 3.d4 d5 4.g3 dxc4 5.a4 Bf5 6.Bg2 e6 7.Nbd2 Nbd7 8.O-O Be7
9.Nxc4 O-O 10.Qb3 Qc8 11.Bf4 Ne4 12.Rfd1 Rd8 13.Nh4 Ndf6 14.f3 Nd6 15.Bxd6 Bxd6
16.Nxd6  1-0

[Event "FRA-chT9697 final"]
[Site "Clichy"]
[Date "1997.05.04"]
[Round "11"]
[White "Bernard, Christophe"]
[Black "Fontaine, Robert"]
[Result "1/2-1/2"]
[WhiteElo "2365"]
[BlackElo "2320"]

1.d4 d5 2.Nf3 Nf6 3.c4 c6 4.g3 dxc4 5.Bg2 b5 6.O-O Bb7 7.a4 a6 8.Ne5 e6 9.axb5 axb5
10.Rxa8 Bxa8 11.Nc3 Nd5 12.Be3 Bb7 13.Qa1 Qb6 14.Nxd5 cxd5 15.b3 f6 16.Nf3 Qa6
17.bxc4 dxc4 18.Bf4 Qxa1 19.Rxa1 Nc6 20.e4 g5 21.Be3 g4 22.Ne1 Bb4 23.Nc2 Bc3
24.Rb1 Ba6 25.d5 exd5 26.exd5 Na5 27.Bd4 Bd2 28.Bxf6 Rf8 29.Bd4 Nb3 30.Be3 Bc3
31.Be4 Rf7 32.Rd1 Kd7 33.Kg2 b4 34.h3 gxh3+ 35.Kxh3 Na5 36.Nd4 Bxd4 37.Bxd4 Nb3
38.Be3 Bb7 39.Bc2 Kd6 40.Bxb3 cxb3 41.Rd4 Bxd5 42.Rxb4 Rb7 43.Rxb7 Bxb7 44.Bc1 Bf3
45.g4 Ke5 46.Kh4 Kf6  1/2-1/2

[Event "RUS-Cup7"]
[Site "Kstovo"]
[Date "1997.05.05"]
[Round "5"]
[White "Poluljahov, Aleksandr"]
[Black "Kharitonov, Andrei Y"]
[Result "1/2-1/2"]
[WhiteElo "2510"]
[BlackElo "2520"]

1.d4 d5 2.Nf3 Nf6 3.c4 c6 4.Qc2 dxc4 5.Qxc4 Bg4 6.Nc3 Nbd7 7.Qd3 Qb6 8.e3 Bxf3
9.gxf3 e5 10.dxe5 Nxe5 11.Qf5 Ned7  1/2-1/2

[Event "Shavuot Masters"]
[Site "Tel Aviv"]
[Date "1997.06.11"]
[Round "3"]
[White "Grinshpun, Eduard"]
[Black "Rabinovich, Alexander"]
[Result "0-1"]
[WhiteElo "2370"]
[BlackElo "2350"]

1.Nf3 d5 2.d4 c6 3.c4 dxc4 4.a4 b5 5.g3 Nf6 6.Bg2 Bb7 7.O-O e6 8.Nc3 b4 9.Nb1 c5
10.Nbd2 c3 11.bxc3 bxc3 12.Nc4 cxd4 13.Qxd4 Qxd4 14.Nxd4 Bxg2 15.Kxg2 Bb4
16.Ba3 a5 17.Rfb1 Na6 18.Nc6 O-O 19.N4xa5 Nd5 20.e4 Bxa3 21.Rxa3 c2 22.Rc1 Ndb4
23.Rb3 Nc5 24.Rxb4 Nd3 25.Rc4 Nxc1 26.Rxc2 Nd3 27.Rc4 Ra6 28.f4 Rfa8 29.Rd4 Nc5
30.Rb4 Kf8 31.Rb5 Nxe4 32.Kf3 Nc3 33.Rc5 Nxa4 34.Rb5 f6 35.f5  0-1

[Event "Politiken Cup"]
[Site "Copenhagen"]
[Date "1997.07.14"]
[Round "9"]
[White "Danielsen, Henrik"]
[Black "Schandorff, Lars"]
[Result "0-1"]
[WhiteElo "2500"]
[BlackElo "2505"]

1.d4 d5 2.c4 c6 3.Nf3 Nf6 4.Qc2 dxc4 5.Qxc4 Bf5 6.g3 Nbd7 7.Nc3 e6 8.Bg2 Be7
9.O-O O-O 10.e3 Ne4 11.Qe2 Nxc3 12.bxc3 Be4 13.Bh3 c5 14.Nd2 Bc6 15.e4 Nb6
16.Nb3 Na4 17.Bd2 a6 18.Rfe1 Re8 19.Rab1 Bf8 20.Bg2 b5 21.Qe3 Rc8 22.Red1 Qc7
23.Be1 Ba8 24.Rbc1 Nb2 25.Rd2 Nc4 26.Qe2 Nxd2 27.Bxd2 cxd4 28.cxd4 Qd7 29.Rd1 Rc2
30.Qd3 Rxa2 31.d5 exd5 32.exd5 Qg4 33.Be3 Bd6 34.Nd4 g6 35.Rc1 Ra3 36.Qd2 h5
37.Nc6 Raxe3 38.fxe3 h4 39.Qc3 hxg3 40.Qf6 gxh2+ 41.Kh1 Qd7 42.e4 Bxc6 43.dxc6 Qc7
44.Qf3 Be5 45.Bh3 Rd8 46.Qf2 Rd4 47.Bf1 Rxe4 48.Qg2 Rd4 49.Be2 Rd2 50.Qf3 Rd8
51.Bd3 Kg7 52.Be4 Qe7 53.Rf1 Bc7 54.Bd5 f5 55.Qg2 Qe5 56.Bf3 b4 57.Qa2 a5
58.Bg2 Re8 59.Qc4 Qe3 60.Rd1 Re7 61.Rf1 b3  0-1

[Event "Wch U20"]
[Site "Zagan"]
[Date "1997.07.18"]
[Round "5"]
[White "Kelly, Bryan"]
[Black "Morrison, Graham"]
[Result "1-0"]
[WhiteElo "2390"]
[BlackElo "2325"]

1.Nf3 d5 2.d4 c6 3.c4 Nf6 4.Qc2 g6 5.e3 Na6 6.a3 Bf5 7.Bd3 Bxd3 8.Qxd3 Bg7
9.Nc3 dxc4 10.Qxc4 O-O 11.O-O Nd7 12.b4 e5 13.dxe5 Nxe5 14.Nxe5 Bxe5 15.Bb2 Nc7
16.Rad1 Qe7 17.Qb3 Rfe8 18.h3 Rad8 19.Na4 Nd5 20.Bxe5 Qxe5 21.Rd4 Nc7 22.Rfd1 Ne6
23.Rd7 Rxd7 24.Rxd7 Qa1+ 25.Kh2 Qe5+ 26.f4 Qb5 27.Nc5 b6 28.Ne4 Qf5 29.Nd6 Nd4
30.Nxf5 Nxb3 31.Nh6+ Kg7 32.Nxf7 Rxe3 33.Ne5+ Kf6  1-0

[Event "Lost Boys op"]
[Site "Antwerp"]
[Date "1997.08.02"]
[Round "1"]
[White "Gurevich, Mikhail"]
[Black "De Jager, Jaap"]
[Result "1-0"]
[WhiteElo "2620"]
[BlackElo "2290"]

1.d4 d5 2.c4 c6 3.Nf3 Nf6 4.Qc2 dxc4 5.Qxc4 g6 6.Nc3 Bg7 7.e4 b5 8.Qb3 Qa5
9.Bd3 b4 10.Ne2 Ba6 11.Bd2 Bxd3 12.Qxd3 Qa6 13.Qc2 Qb5 14.a4 Qb7 15.O-O Na6
16.Nc1 c5 17.d5 O-O 18.Re1 Rac8 19.Nb3 Nd7 20.Na5 Qc7 21.Nc4 Nb6 22.Rad1 Rfd8
23.Bg5 Rd7 24.Bh4 Nxc4 25.Qxc4 Qa5 26.e5 Nc7 27.d6 exd6 28.Rxd6  1-0

[Event "MK Cafe op-A"]
[Site "Koszalin"]
[Date "1997.08.06"]
[Round "5"]
[White "Sarwinski, Miroslaw"]
[Black "Ilczuk, Piotr"]
[Result "1-0"]
[WhiteElo "2390"]
[BlackElo "2255"]

1.d4 d5 2.c4 c6 3.Nf3 Nf6 4.Nbd2 Bg4 5.g3 e6 6.Bg2 Nbd7 7.O-O Be7 8.Re1 h6
9.a3 b5 10.c5 O-O 11.b3 Ne4 12.Bb2 Bf6 13.b4 Qc7 14.Nb3 Rfe8 15.e3 a5 16.Nfd2 Nxd2
17.Nxd2 e5 18.e4 Be6 19.dxe5 Nxe5 20.Qc2 Nd3 21.Qxd3 Bxb2 22.Rab1 dxe4 23.Nxe4 Bc4
24.Qc2 Bxa3 25.bxa5 Qxa5 26.Red1 Re5 27.Nd6 Re2 28.Nxc4 Rxc2 29.Nxa5 Bxc5
30.Nb3 Bxf2+ 31.Kf1 Rb8 32.Be4 Ra2 33.Nc1 Ra4 34.Bc2 Rc4 35.Bd3 Bxg3 36.Bxc4 Bxh2  1-0

[Event "MK Cafe op-A"]
[Site "Koszalin"]
[Date "1997.08.09"]
[Round "8"]
[White "Vaulin, Alexander"]
[Black "Cichocki, Adam"]
[Result "1/2-1/2"]
[WhiteElo "2530"]
[BlackElo "2330"]

1.d4 d5 2.c4 c6 3.Nf3 Nf6 4.Qc2 g6 5.Bf4 Bf5 6.Qc1 Nbd7 7.e3 Bg7 8.Nc3 O-O
9.h3 Ne4 10.Be2 Qa5 11.O-O Nxc3 12.Qxc3 Qxc3 13.bxc3 dxc4 14.Bxc4 Nb6 15.Bb3 Nd5
16.Bg5 h6 17.Bxd5 hxg5 18.Bc4 g4 19.hxg4 Bxg4 20.Ng5 b5 21.Bb3 c5 22.dxc5 Be2
23.Rfc1 Rac8 24.a4 Rxc5 25.Bxf7+ Rxf7 26.Nxf7 Kxf7 27.axb5 Bxb5 28.Rxa7 Bc6
29.Rc7 Be5 30.Rc8 Bxc3 31.Rb8 Bd5 32.Rb2 Bxb2 33.Rxc5 Ke6 34.Rb5 Ba3 35.Ra5 Bd6
36.Rb5 Bc4 37.Ra5 Kf6 38.Ra4 Bb3 39.Rd4 g5 40.Rd3 Be6 41.f3 g4 42.fxg4 Bxg4
43.Kf2 Ke5 44.Rd4 Be6 45.Rh4 Bf5 46.Rh5 Kf6 47.Rh4 Bc8 48.Rc4 Bb7 49.Ra4 Ke5
50.Rh4 Kf5 51.Ra4 Be4 52.Rc4 e6 53.Ra4 Be7 54.Rc4 Bh4+ 55.g3 Bg5 56.Ra4 Ke5
57.Rc4 Be7 58.Rc7 Bd8 59.Rc4 Bb6 60.Rb4 Bc5 61.Ra4 Kd5 62.Ke2 Bc2 63.Rh4 e5
64.Kf2 Be7 65.Rg4 Bf6 66.Rb4 Be7 67.Rg4 Bb3 68.Rg7 Bc5 69.Rg4 Be7  1/2-1/2

[Event "Budapest FS08 IM"]
[Site "Budapest"]
[Date "1997.08.10"]
[Round "9"]
[White "Schneider, Attila"]
[Black "Mifsud, Timothy"]
[Result "0-1"]
[WhiteElo "2405"]
[BlackElo "2230"]

1.d4 d5 2.c4 c6 3.Nf3 Nf6 4.Qc2 dxc4 5.Qxc4 Bf5 6.Nbd2 e6 7.g3 Nbd7 8.Bg2 Be7
9.O-O O-O 10.Qb3 Nb6 11.Nc4 Nxc4 12.Qxc4 Qd5 13.b3 Be4 14.Rd1 a5 15.Ne1 a4
16.Bf4 Qxc4 17.bxc4 Bxg2 18.Kxg2 b5 19.Nd3 bxc4 20.Ne5 Nd5 21.Nxc4 Nxf4+
22.gxf4 f6 23.Rab1 Rfb8 24.Rdc1 Rb5 25.Rb2 Rab8 26.Rbc2 Kf7 27.e3 Ke8 28.Kf3 Kd7
29.Ke4 Bf8 30.Nd2 R8b6 31.Kd3 Be7 32.Rc4 Ra6 33.R1c2 Bf8 34.Ne4 Rh5 35.f3 Rh3
36.Rf2 Ra5 37.Ng3 Bd6 38.Nf1 g5 39.fxg5 fxg5 40.Rcc2 Rh4 41.Rg2 e5 42.dxe5 Rxe5
43.e4 Rf4 44.Nd2 h6 45.Rg4 Rf7 46.Ke2 Rb5 47.Rg2 Rf4 48.Nc4 Bc7 49.Ke3 Rf8
50.Rgd2+ Ke7 51.Rd1 Bf4+ 52.Ke2 Rd8 53.Rxd8 Kxd8 54.Na3 Rb7 55.h3 Rd7 56.Nc4 Rd4
57.Na5 Kd7 58.Nxc6 Rd6 59.Nb4 Rb6 60.Nd3 Rb1 61.h4 Rh1 62.hxg5 Rh2+ 63.Nf2 hxg5
64.Kf1 Be3 65.Kg1 Rh6 66.Kg2 Rb6 67.Nd3 Rb1 68.Kh3 Rg1 69.Rg2 Rd1 70.Nb2 Rh1+
71.Kg4 Ke6 72.Rg3 Rh4+  0-1

[Event "Budapest FS08 IM"]
[Site "Budapest"]
[Date "1997.08.12"]
[Round "11"]
[White "Schneider, Attila"]
[Black "Farago, Sandor"]
[Result "1-0"]
[WhiteElo "2405"]
[BlackElo "2330"]

1.d4 d5 2.c4 c6 3.Nf3 Nf6 4.Qc2 e6 5.g3 Bb4+ 6.Nbd2 a5 7.Bg2 dxc4 8.Qxc4 Qd5
9.O-O Nbd7 10.Qc2 Qh5 11.Nc4 Qf5 12.Qb3 O-O 13.Nce5 Nxe5 14.Nxe5 Rd8 15.e3 h5
16.h3 Ra6 17.f4 Bd6 18.Qd1 Qh7 19.Qe2 Ne4 20.Bxe4 Qxe4 21.Qxh5 Rf8 22.Qf3 Qh7
23.h4 f6 24.Nc4 Bc7 25.b3 b5 26.Nd2 f5 27.Ba3 Rd8 28.Qe2 Qg6 29.Kf2 b4 30.Bb2 c5
31.Rac1 Rc6 32.Nc4 Qe8 33.Rfd1 Ba6 34.Qf3 cxd4 35.Rxd4 Rxd4 36.Bxd4 a4 37.Nd6 Rxd6
38.Rxc7 Rd7 39.Qc6 Re7 40.Qxe8+ Rxe8 41.Rxg7+ Kf8 42.Ra7 Bd3 43.h5 Rc8 44.h6 Rc2+
45.Ke1  1-0

[Event "FRA-ch"]
[Site "Narbonne"]
[Date "1997.08.25"]
[Round "10"]
[White "Anic, Darko"]
[Black "Hauchard, Arnaud"]
[Result "1/2-1/2"]
[WhiteElo "2445"]
[BlackElo "2485"]

1.Nf3 d5 2.d4 c6 3.c4 dxc4 4.a4 Bg4 5.Ne5 Bh5 6.Nc3 Nd7 7.Nxc4 Nb6 8.Ne5 Nd7
9.Nd3 Bg6 10.g3 Ngf6 11.Bg2 e6 12.O-O Bd6 13.a5 Rc8 14.Bf4 Qe7 15.Bxd6 Qxd6
16.Nf4 Qb4 17.e4 O-O 18.Ra4 Qxb2 19.Nxg6 hxg6 20.Qd3 b5 21.Rb1 Qxb1+ 22.Qxb1 bxa4
23.Nxa4 c5 24.e5 Nd5 25.Bxd5 exd5 26.Qb7 Rfd8 27.Qxa7 Ra8 28.Qc7 cxd4 29.Nb6 Nxb6
30.axb6 Rac8 31.Qe7 Re8 32.Qd7 d3 33.Kf1 Red8 34.Qe7 Re8 35.Qd7 Red8 36.Qe7 Re8
37.Qd7 Red8 38.Qe7 Re8 39.Qd7 Red8  1/2-1/2

[Event "Banicky Kahanec"]
[Site "Prievidza"]
[Date "1997.09.16"]
[Round "10"]
[White "Vavrak, Peter"]
[Black "Krivoshey, Sergei"]
[Result "1/2-1/2"]
[WhiteElo "2245"]
[BlackElo "2450"]

1.d4 d5 2.Nf3 Nf6 3.c4 c6 4.g3 Bf5 5.Bg2 e6 6.O-O h6 7.b3 Bd6 8.Bb2 O-O 9.Nbd2 a5
10.Ne5 Nbd7 11.Re1 a4 12.Nxd7 Qxd7 13.e4 dxe4 14.Nxe4 Bxe4 15.Bxe4 Bb4 16.Re3 a3
17.Bc1 Rfd8 18.d5 exd5 19.cxd5 Nxd5 20.Rd3 Qe6 21.Bxd5 Rxd5 22.Rxd5 Qxd5
23.Qxd5 cxd5 24.Be3 Rc8 25.Rc1 Rxc1+ 26.Bxc1 d4 27.Kf1 d3 28.Be3 f5 29.f3 Kf7
30.Kf2 h5 31.Bd4 g5 32.Ke3 d2 33.Ke2 g4 34.fxg4 fxg4 35.Be3 Ke6 36.Bxd2 Bd6
37.Kd3 Kd5 38.Be3 Be5 39.Bf2 h4 40.Be1 h3 41.Bf2 Bd6 42.Bg1 Bc7 43.Bf2 Ba5
44.Bg1 Be1 45.Ke2 Bc3 46.Kd3 Be5 47.Bf2 Bd6 48.Bg1 Ke5 49.Bf2 Bc7 50.Bg1 Ba5
51.Bd4+ Kf5 52.Bg1 Be1 53.Ke2 Bb4 54.Kd3 Ke5 55.Bd4+ Kd5 56.Bg1 Bd6 57.Bf2 b6
58.Bg1 Bc5 59.Bxc5 bxc5 60.Ke3 Ke5 61.Kd3 Kd5 62.Ke3  1/2-1/2

[Event "EUCup Gr6"]
[Site "Heraklio"]
[Date "1997.10.12"]
[Round "3"]
[White "Yakovich, Yuri"]
[Black "Chilov, Alexandros"]
[Result "1-0"]
[WhiteElo "2610"]
[BlackElo "2220"]

1.d4 d5 2.c4 c6 3.Nf3 Nf6 4.Qc2 g6 5.Bf4 Bg7 6.e3 O-O 7.Nc3 Bf5 8.Qb3 b6
9.Be2 Ne4 10.O-O Nxc3 11.bxc3 dxc4 12.Qxc4 Be6 13.Qd3 b5 14.a4 a6 15.Qc2 Nd7
16.Ng5 Bc4 17.Bxc4 bxc4 18.Qe2 e5 19.dxe5 Nxe5 20.Bxe5 Bxe5 21.Nf3 Bxc3 22.Rac1 Bb4
23.Rxc4 c5 24.Qc2 Qe7 25.Ne1 Rac8 26.Nd3 Qd7 27.Rc1 a5 28.e4 f5 29.Nxc5 Bxc5
30.Rxc5 Rxc5 31.Qxc5 fxe4 32.Qc4+ Qf7 33.g3 Kg7 34.Qxf7+ Rxf7 35.Rc4 Re7
36.Kf1 Kf6 37.Ke2 Ke5 38.Ke3 Kd5 39.Rd4+ Kc5 40.Rxe4 Rb7 41.h4 Kd5 42.Rg4 Ke5
43.Re4+ Kd5 44.f3 Rb3+ 45.Kf4 Kd6 46.g4 Ra3 47.h5 gxh5 48.gxh5 Rb3 49.Kg4 Rb1
50.Kg5 Rf1 51.f4 Rg1+ 52.Kh6 Rg4 53.Kxh7 Kd5 54.Re5+ Kd6 55.Rxa5 Rxf4 56.Kg6 Rg4+  1-0

[Event "Petah Tiqwa It 3th"]
[Site "Petah Tiqwa"]
[Date "1997.10.13"]
[Round "1"]
[White "Vovsha, Eli"]
[Black "Tsesarsky, Ilya"]
[Result "0-1"]
[WhiteElo "2240"]
[BlackElo "2445"]

1.Nf3 d5 2.d4 c6 3.c4 dxc4 4.e3 b5 5.a4 e6 6.b3 Bb4+ 7.Bd2 Bxd2+ 8.Nfxd2 cxb3
9.axb5 b2 10.Ra2 Bb7 11.Nb3 Nd7 12.Na5 Qb6 13.Nxb7 Qxb7 14.bxc6 Qxc6 15.Rxb2 Rc8
16.f3 Ngf6 17.Kf2 O-O 18.Bd3 Nb6 19.Nd2 Qd6 20.f4 Rc3 21.Rb3 Rfc8 22.h3 g6
23.Nf3 Nbd5 24.Rb7 Qa3 25.Ne5 Rc1  0-1

[Event "Copa Itau Mercosul"]
[Site "Sao Paulo"]
[Date "1997.10.21"]
[Round "3"]
[White "Ramon, Vivian"]
[Black "Pereira, Jorge AV"]
[Result "1/2-1/2"]
[WhiteElo "2365"]
[BlackElo "2025"]

1.d4 d5 2.c4 c6 3.Nd2 Nf6 4.Ngf3 Bf5 5.g3 e6 6.Bg2 Be7 7.O-O h6 8.b3 O-O
9.Bb2 Nbd7 10.Ne5 Nxe5 11.dxe5 Ne4 12.Nxe4 dxe4 13.Qc1 Qb6 14.Bc3 Rfd8 15.b4 Qa6
16.c5 Qxe2 17.Re1 Qc4 18.Bf1 Qd5 19.Be2 Bg5 20.Qb2 Bd2 21.Red1 e3 22.Bxd2 exd2
23.f3 Qd4+ 24.Qxd4 Rxd4 25.a3 Bc2 26.Rf1 Rad8 27.Bd1 Rc4 28.Kf2 Rd5 29.Ra2 Bb1
30.Rb2 Rc1 31.f4 Bd3 32.Rg1 Bb5 33.a4 Bxa4 34.Bxa4 Rxg1 35.Kxg1 d1=Q+ 36.Bxd1 Rxd1+
37.Kf2 Rh1 38.Ke3 Rd1 39.b5 cxb5 40.Rxb5 Rd7 41.Ra5 a6 42.c6 bxc6 43.Rxa6 Rc7  1/2-1/2

[Event "Copa Itau Mercosul"]
[Site "Sao Paulo"]
[Date "1997.10.25"]
[Round "8"]
[White "Teixeira, Ricardo da Silva"]
[Black "Matsuura, Everaldo"]
[Result "0-1"]
[WhiteElo "2320"]
[BlackElo "2390"]

1.Nf3 Nf6 2.c4 c6 3.d4 d5 4.Qc2 g6 5.Bf4 Bg7 6.e3 O-O 7.Nc3 Qa5 8.Be2 dxc4
9.Bxc4 Bf5 10.Qe2 Nd5 11.Bxd5 cxd5 12.O-O Nc6 13.h3 Rac8 14.a3 a6 15.b4 Qd8
16.Na4 Nb8 17.Rfc1 Bd7 18.Nc3 e6 19.Rc2 Qe7 20.Rac1 Nc6 21.Na4 Na7 22.Nb6 Rxc2
23.Qxc2 Bc6 24.Ne5 f6 25.Nxc6 Nxc6 26.Qb3 Kh8 27.Bg3 f5 28.Bh2 f4 29.Na4 f3
30.gxf3 Rxf3 31.Kg2 Rf8 32.Nc5 Qf7 33.Bg3 h5 34.Qd1 Ne7 35.Nd3 Nf5 36.Rc7 Qf6
37.Ne5 Nxg3 38.fxg3 Qf2+ 39.Kh1 Qxg3 40.Nf7+ Kg8 41.Qf1 Qxc7  0-1

[Event "WchT 4th"]
[Site "Luzern"]
[Date "1997.10.29"]
[Round "5"]
[White "Gurieli, Nino"]
[Black "Hodgson, Julian M"]
[Result "1-0"]
[WhiteElo "2370"]
[BlackElo "2590"]

1.d4 d5 2.Nf3 c6 3.c4 dxc4 4.a4 e6 5.Na3 b5 6.axb5 Bxa3 7.Rxa3 cxb5 8.Bg5 Ne7
9.e3 Nbc6 10.Ra1 f6 11.Bf4 Nd5 12.Bg3 a5 13.b3 a4 14.bxc4 Qa5+ 15.Nd2 Nc3
16.Qh5+ g6 17.Qf3 Nb4 18.Rc1 Nca2 19.Bd6 f5 20.Bxb4 Nxb4 21.cxb5 Nd5 22.Bc4 Bb7
23.Qg3 O-O 24.Qe5 Rae8 25.h4 Nf6 26.h5 g5 27.Qxf5 Ne4 28.Bxe6+ Kh8 29.Qe5+ Rf6
30.Rc2 Rxe6 31.Qb8+ Kg7 32.h6+ Kg6 33.Qxb7 Rf7 34.Qd5 Rff6 35.f4 Nd6 36.Qxg5+ Kf7
37.Qg7+ Ke8 38.O-O Rf7 39.Qh8+ Ke7 40.Qb8  1-0

[Event "WchT 4th"]
[Site "Luzern"]
[Date "1997.10.30"]
[Round "6"]
[White "Irzhanov, Ruslan"]
[Black "Sadler, Matthew"]
[Result "1/2-1/2"]
[WhiteElo "2535"]
[BlackElo "2665"]

1.d4 d5 2.c4 dxc4 3.Nf3 c6 4.e3 Be6 5.a4 Nf6 6.Na3 Bf5 7.Nxc4 e6 8.Be2 Be7
9.O-O O-O 10.a5 c5 11.b3 Nc6 12.Bb2 Qc7 13.dxc5 Bxc5 14.Ra4 Rfd8 15.Qa1 Qe7
16.Nce5 Nb4 17.Nd4 Be4 18.Bf3 Rac8 19.h3 Bxd4 20.Bxd4 Nc2 21.Qb2 Nxd4 22.Bxe4 Nxe4
23.Rxd4 Nc3  1/2-1/2

[Event "RUS-Cup01 Chigorin mem"]
[Site "St Petersburg"]
[Date "1997.11.02"]
[Round "2"]
[White "Shipov, Sergei"]
[Black "Popov, Valerij"]
[Result "1-0"]
[WhiteElo "2575"]
[BlackElo "2440"]

1.d4 d5 2.c4 c6 3.Nf3 dxc4 4.e3 b5 5.a4 e6 6.axb5 cxb5 7.b3 Bb4+ 8.Bd2 Bxd2+
9.Nbxd2 a5 10.bxc4 b4 11.Ne5 Nf6 12.Be2 O-O 13.Bf3 Ra6 14.O-O Qc7 15.Qa4 Nbd7
16.Nd3 e5 17.Qb5 exd4 18.exd4 Ra7 19.c5 Rd8 20.Nb3 Nf8 21.Ne5 Be6 22.Nxa5 Rb8
23.Qc6 Qd8 24.Qd6 Qxd6 25.cxd6 Rb6 26.Nac6 Rxa1 27.Rxa1 b3 28.d5 b2 29.Rb1 Ra6
30.Ne7+ Kh8 31.dxe6 g5 32.Nxf7+ Kg7 33.Nf5+ Kg6 34.Be2 Ra1 35.Bd3  1-0

[Event "RUS-Cup01 Chigorin mem"]
[Site "St Petersburg"]
[Date "1997.11.06"]
[Round "6"]
[White "Ignatiev, Alexander"]
[Black "Polyakov, Dmitriy"]
[Result "0-1"]
[WhiteElo "2320"]
[BlackElo "2160"]

1.d4 d5 2.c4 c6 3.Nf3 Nf6 4.g3 dxc4 5.Bg2 b5 6.a4 Bb7 7.Ne5 Qc8 8.O-O e6
9.Nc3 Nbd7 10.e4 a6 11.Be3 Be7 12.Qe2 O-O 13.f4 Nxe5 14.fxe5 Nd7 15.Qg4 Kh8
16.Rf2 b4 17.Ne2 c5 18.Raf1 Qe8 19.Nf4 cxd4 20.Bxd4 Rd8 21.Qe2 Nc5 22.Qxc4 Nxe4
23.Bxe4 Bxe4 24.Bb6 Bd5 25.Qxa6 Ra8 26.Qd3 Bc6 27.b3 Bb7 28.Rc1 Qb8 29.Qe3 Bg5
30.Bc7 Qe8 31.Bd6 Be7 32.Qb6 Bxd6 33.Qxd6 Rb8 34.Rd2 Rc8 35.Rdc2 Rxc2 36.Rxc2 Qa8
37.Qxb4 Rc8 38.Rxc8+ Qxc8 39.Nd3 h6 40.Qc5 Qd7 41.Qd6 Qc8 42.Nc5 Bd5 43.b4 Qa8
44.a5 Bc4 45.a6 Qf3  0-1

[Event "AUT-chT 9798"]
[Site "Austria"]
[Date "1997.11.07"]
[Round "3"]
[White "Pinter, Jozsef"]
[Black "Lukacs, Peter"]
[Result "1/2-1/2"]
[WhiteElo "2590"]
[BlackElo "2520"]

1.Nf3 Nf6 2.d4 d5 3.c4 c6 4.Qc2 dxc4 5.Qxc4 Bf5 6.g3 e6 7.Bg2 Nbd7 8.O-O Be7
9.Nc3 O-O 10.e3 Ne4 11.Nd2 Nxd2 12.Bxd2 e5 13.e4 exd4 14.exf5 dxc3 15.Bxc3 Bf6
16.Rfd1  1/2-1/2

[Event "RUS-Cup01 Chigorin mem"]
[Site "St Petersburg"]
[Date "1997.11.07"]
[Round "7"]
[White "Polovodin, Igor A"]
[Black "Volkov, Sergey"]
[Result "1/2-1/2"]
[WhiteElo "2440"]
[BlackElo "2535"]

1.d4 d5 2.c4 c6 3.Nf3 Nf6 4.Qc2 dxc4 5.Qxc4 Bf5 6.g3 e6 7.Bg2 Nbd7 8.Nc3 Be7
9.O-O O-O 10.Bf4 h6 11.Rac1 a5 12.a3 Qb6 13.Qa2 Bh7 14.Rfd1 Rfd8 15.h3 a4
16.Ne5 Nxe5 17.Bxe5 Qa5 18.e4 Nd7 19.Bf4 e5 20.Bd2 Qa7 21.Be3 exd4 22.Bxd4 Bc5
23.Qc4 Bxd4 24.Rxd4 Ne5 25.Rxd8+ Rxd8 26.Qxa4 Qxa4 27.Nxa4 Rd2 28.Nc5 b6
29.f4 bxc5 30.fxe5 Rxb2 31.Rxc5 Kf8 32.a4 Ke7 33.a5 Kd7 34.e6+ fxe6 35.e5 Rb1+
36.Kf2 Rb2+ 37.Kg1 Rb1+ 38.Kf2 Rb2+ 39.Kg1  1/2-1/2

[Event "CZE-chT 9798"]
[Site "CZE"]
[Date "1997.11.16"]
[Round "2"]
[White "Chloupek, Stanislav"]
[Black "Lys, Josef"]
[Result "1-0"]
[WhiteElo "2355"]
[BlackElo "2305"]

1.d4 d5 2.Nf3 Nf6 3.c4 c6 4.Qb3 dxc4 5.Qxc4 Bf5 6.g3 Qd5 7.Nbd2 Nbd7 8.Bg2 Nb6
9.Qb3 e6 10.O-O Be7 11.e3 Ne4 12.Qd1 Nd7 13.Nb1 Qa5 14.Nfd2 Ndf6 15.Nb3 Qb6
16.f3 Nd6 17.e4 Bg6 18.e5 Nf5 19.g4 Nxd4 20.Qxd4 Qxd4+ 21.Nxd4 Bc5 22.exf6 Bxd4+
23.Kh1 Bxf6 24.Nc3 Rd8 25.Be3 b6 26.f4 c5 27.Bc6+ Ke7 28.f5 exf5 29.gxf5 Bh5
30.Nd5+ Kd6 31.Nxf6 gxf6 32.Bg2 Rhe8 33.Bf4+ Kd7 34.a4  1-0

[Event "Bayern-chI Bank Hofmann"]
[Site "Bad Wiessee"]
[Date "1997.11.21"]
[Round "7"]
[White "Enigl, Karl"]
[Black "Huebner, Robert"]
[Result "0-1"]
[WhiteElo "2200"]
[BlackElo "2580"]

1.Nf3 d5 2.d4 c6 3.c4 dxc4 4.e3 b5 5.a4 e6 6.axb5 cxb5 7.b3 Bb4+ 8.Bd2 Bxd2+
9.Nbxd2 Ne7 10.bxc4 b4 11.Bd3 a5 12.O-O O-O 13.e4 Bb7 14.Re1 e5 15.Nb3 exd4
16.e5 Bxf3 17.Qxf3 Nd7 18.Qh3 Ng6 19.e6 fxe6 20.Qxe6+ Rf7 21.c5 Ndf8 22.Qc4 Qf6
23.Bxg6 Nxg6 24.f3 d3 25.Nd2 Ne5 26.Qd5 Nc6 27.Ne4 Qd4+ 28.Qxd4 Nxd4 29.Nd6 Nc2
30.Nxf7 Kxf7  0-1

[Event "AUT-ch"]
[Site "Moesern"]
[Date "1997.??.09"]
[Round "10"]
[White "Hoelzl, Franz"]
[Black "Schroll, Gerhard"]
[Result "1/2-1/2"]
[WhiteElo "2440"]
[BlackElo "2405"]

1.d4 d5 2.c4 c6 3.Nf3 Nf6 4.Qc2 dxc4 5.Qxc4 Bf5 6.Nbd2 Nbd7 7.g3 e6 8.Bg2 Be7
9.O-O O-O 10.e3 Ne4  1/2-1/2

[Event "Viking op"]
[Site "Aaland-Stockholm"]
[Date "1997.??.??"]
[Round "?"]
[White "Forintos, Gyozo V"]
[Black "Chasovnikova, Eugenia"]
[Result "1/2-1/2"]
[WhiteElo "2440"]
[BlackElo "2260"]

1.Nf3 Nf6 2.c4 c6 3.d4 d5 4.Qc2 g6 5.Bf4 Bg7 6.e3 Bf5 7.Qb3 Qb6 8.c5 Qxb3
9.axb3 Bxb1 10.Rxb1 Nbd7 11.b4 a6 12.h3 O-O 13.Bd3 Ne8 14.Bh2 f6 15.Be2 e5
16.Ra1 Nc7 17.O-O Rae8 18.Rfd1 f5 19.Ra3 Bf6 20.Rb3 Re6 21.Rd2 Ne8 22.dxe5 Nxe5
23.Nd4 Re7 24.g4 fxg4 25.hxg4 Bh4 26.Bd1 Nc4 27.Rc2 Bf6 28.Rd3 Ng7 29.b3 Ne5
30.Rdd2 Ne6 31.Nxe6 Rxe6 32.Ra2 Nf7 33.Rd3 Re4 34.Ra4 Be5 35.Bxe5 Nxe5 36.Rd2 Nf3+
37.Bxf3 Rxf3 38.b5 axb5 39.Rxe4 dxe4 40.Rd4 Rf7 41.Rxe4 Rd7 42.Kg2 Kf7 43.b4 h6
44.Rf4+ Ke7 45.Re4+ Kf7 46.Kf1 Rd2 47.Ke1 Rc2 48.Rf4+ Ke7 49.Re4+ Kf7 50.g5 hxg5
51.Rd4 Ke7 52.Rd6 Rc4 53.Rxg6 g4 54.Rg7+ Ke6 55.Rxb7 Rxb4 56.Rg7 Rc4 57.Kd2 Kf5
58.Kd3 Rxc5 59.e4+ Kf4 60.Rf7+ Ke5 61.Rf5+ Kd6 62.Rf6+ Ke5 63.Rf5+ Kd6 64.Rf6+ Ke5  1/2-1/2

[Event "ROM-chJ"]
[Site "Alba Iulia"]
[Date "1997.??.??"]
[Round "?"]
[White "Mateuta, Gabriel"]
[Black "Ionescu, Mihai"]
[Result "1/2-1/2"]
[WhiteElo "2435"]
[BlackElo "2395"]

1.d4 d5 2.Nf3 c6 3.c4 Nf6 4.Qc2 dxc4 5.Qxc4 Bf5 6.g3 e6 7.Bg2 Nbd7 8.e3 Be7
9.O-O O-O 10.Nc3 Ne4 11.Nd2 Nd6 12.Qe2 Bg6 13.Rd1 Qc7 14.b3 a6 15.Bb2 Nb5
16.Na4 Ba3 17.Bxa3 Nxa3 18.Rac1 Rfd8 19.Ne4 Bxe4 20.Bxe4 Nb5 21.Bg2 Rac8
22.h4 Qd6 23.Nb2 Qe7 24.Nc4 Nd6 25.Qb2 Nxc4 26.bxc4 Nf6 27.Qb6 Rd7 28.Rb1 h5
29.Qa5 g6 30.Bf3 Rcd8 31.Kg2 Ne8 32.Rdc1 Rc8 33.Rb3 Rcc7 34.Qe5 Nd6 35.Rbc3 Nf5
36.Be4 Qd6 37.Qa5 Qe7 38.Qe5 Qd6 39.Qf6 Qe7 40.Qe5  1/2-1/2

[Event "Alushta-C"]
[Site "Alushta"]
[Date "1997.??.??"]
[Round "2"]
[White "Arakelian, Eduard"]
[Black "Barshevich, Veniamin"]
[Result "1-0"]
[WhiteElo "2415"]
[BlackElo "2235"]

1.Nf3 d5 2.d4 c6 3.c4 dxc4 4.a4 e6 5.e3 b5 6.b3 Bb4+ 7.Bd2 Bxd2+ 8.Nfxd2 cxb3
9.axb5 b2 10.Ra2 Nf6 11.Qa4 Bb7 12.bxc6 Bxc6 13.Bb5 O-O 14.Bxc6 Nxc6 15.Rxb2 Qd7
16.O-O Rac8 17.Qa6 e5 18.Rb7 Qe6 19.dxe5 Qxe5 20.Nf3 Qe6 21.Nbd2 Rfd8 22.Nb3 h6
23.Qa4 Qd5 24.Rb5 Qd3 25.h3 Nd5 26.Rc5 Nb6 27.Qb5 Qxb5 28.Rxb5 Rd5 29.Rxd5 Nxd5
30.Rc1 Nce7 31.Ra1 Rc7 32.Nfd4 Nc8 33.Ra6 g6 34.g4 Kf8 35.Kg2 Ke7 36.h4 Nb4
37.Ra4 Nc2 38.Nxc2 Rxc2 39.Nd4 Rc7 40.Ra6 Rb7 41.Kf3 Rb6 42.Ra1 a6 43.Ke4 Nd6+
44.Kd5 Nb7 45.f4 Rd6+ 46.Kc4 Rb6 47.e4 a5 48.e5 Rb4+ 49.Kd5 Nd8 50.f5 Kd7
51.h5 gxh5 52.gxh5 a4 53.Kc5 Rb2 54.Rxa4 Rh2 55.Ra7+ Kc8 56.Kd6 Nb7+ 57.Ke7 Rxh5
58.Kxf7 Rg5 59.Rxb7 Kxb7 60.e6  1-0